000
00308nam a2200145Ia 4500
100
_a
Kane/ Gerry
942
_c
BK
654
_a
CRI Controller
245
_a
CRI Controller Handbook
260
_b
Mc Graw Hill
_a
California
_c
1980
082
_a
621.381542
300
_a
6
546
_a
ENGLISH
999
_c
32616
_d
32616